000 00768nam a2200241Ia 4500
003 OSt
005 20220923223808.0
006 a|||||r|||| 00| 0
007 ta
008 Pun
024 _a221,425
037 _cTextual
040 _aARTS
_cARTS
_bPun
041 _2Pun
_aPun
082 _aO153:gN1, P4
100 _aਮਲਕੀਅਤ ਸਿੰਘ
245 0 _aਮੱਧਕਾਲ ਦੀ ਪੰਜਾਬੀ ਵਾਰਤਕ ਸਰੂਪ, ਵਿਕਾਸ ਤੇ ਭਾFਾ
260 _aਅੰਮ੍ਰਿਤਸਰ
_b ਵਾਰਿਸ Fਾਹ ਫਾਊਡੇFਨ
_c2004
300 _a112ਪੰ
_ccm.
650 _aਪੰਜਾਬੀ ਸਾਹਿਤ
942 _hO153:gN1, P4
_cTEXL
_2CC
999 _c367416
_d367416